000 00677nam a2200229 a 4500
008
020 _a0521788366 (pbk.)
049 _aMAIN
090 _aQA300
100 1 _aBurn, R. P.
245 1 0 _aNumbers and functions :
_bsteps into analysis /
_cR. P. Burn.
260 _aCambridge :
_bCambridge University Press,
_c1992.
300 _axix, 328 p. ;
_c24 cm.
504 _aIncludes bibliographical references : p. 319-323.
500 _aIncludes index.
650 0 _aMathematical analysis.
907 _a.b10090678
_b15-04-08
_c14-10-03
003
005 20230123133438.0
040 _cNUST
942 _cBOOKS
_kQA300
999 _c148719
_d148719